| 000 | 00734nam a2200253Ia 4500 | ||
|---|---|---|---|
| 003 | OSt | ||
| 005 | 20220927105208.0 | ||
| 006 | a|||||r|||| 00| 0 | ||
| 007 | ta | ||
| 008 | 220926b |||||||| |||| 00| 0 eng d | ||
| 024 | _a159365 | ||
| 037 | _cReference Collections | ||
| 040 |
_aRTL _cRTL _beng |
||
| 041 |
_2eng _aeng |
||
| 082 | _a"X71 m271, N37. N6, K6.3" | ||
| 110 |
_aORRISA (Government of-) _9370806 |
||
| 245 | 0 | _aBudget | |
| 260 |
_aOrrisa _bGovernment of Orrisa _c1966 |
||
| 300 |
_a848p _ccm. |
||
| 500 | _aVol. III : fourth five-year plan schemes | ||
| 700 |
_aORRISA (Government of-) _9370807 |
||
| 942 |
_h"X71 m271, N37. N6, K6.3" _cCC |
||
| 999 |
_c691095 _d691095 |
||